Analýza podmienok poskytovania sociálnych služieb na Slovensku diplomová práca

Guardado en:
Detalles Bibliográficos
Autor principal: Baran, Matúš
Autor Corporativo: Fakulta hospodárskej informatiky EU. Katedra štatistiky
Otros Autores: Sipková, Ľubica, 1962-
Formato: Libro
Lenguaje:eslovaco
Publicado: Bratislava 2018
Etiquetas: Agregar Etiqueta
Sin Etiquetas, Sea el primero en etiquetar este registro!

MARC

LEADER 00000nbm a2200000 4500
001 0245242
005 20181010105331.3
041 0 |a slo 
044 |a SK 
245 1 0 |a Analýza podmienok poskytovania sociálnych služieb na Slovensku  |b diplomová práca  |c Matúš Baran ; školiteľ: Ľubica Sipková 
264 1 |a Bratislava  |c 2018 
300 |a 58 s. 
100 1 |a Baran, Matúš 
700 1 |a Sipková, Ľubica, 1962- 
710 2 |a Fakulta hospodárskej informatiky EU. Katedra štatistiky